| 000 | 00572nam a2200181Ia 4500 | ||
|---|---|---|---|
| 008 | 090630s9999 xx 000 0 und d | ||
| 082 | _b20680 | ||
| 100 | _aनाईक संजय. | ||
| 245 |
_aवळवाचा पाऊस. _cनाईक संजय. |
||
| 260 |
_bअक्षय - पुणे. _c2001 |
||
| 300 | _a16 | ||
| 600 | _aनाईक संजय. | ||
| 630 | _aवळवाचा पाऊस. | ||
| 655 | _aबालवाङमय. | ||
| 700 | _aनाईक संजय. | ||
| 730 | _aवळवाचा पाऊस. | ||
| 942 | _cBOOK | ||
| 999 |
_c272536 _d272536 |
||